000 00407nam a2200133 i 4500
001 bg
245 0 _a150 lat Wyższego Szkolnictwa Technicznego w Warszawie 1826-1976.
260 _aWarszawa,
_c1979.
040 _cBPK
041 _apol
942 _cKS
008 s pl f |000 0 pol
856 _uhttp://koha.tu.koszalin.pl/cgi-bin/koha/opac-detail.pl?biblionumber=19731
_yKatalog online BPK
999 _c19731
_d19731